Encyclopedia of forensic science, 4V (Record no. 394459)

MARC details
000 -LEADER
fixed length control field 00471 a2200181 4500
005 - DATE & TIME
control field 20260127103525.0
008 - FIXED-LENGTH DATA ELEMENTS--GENERAL INFORMATION
fixed length control field 260122b |||||||| |||| 00| 0 eng d
020 ## - ISBN
International Standard Book Number 9789392240751
Price Rs. 9000.00
040 ## - CATALOGING SOURCE
Original cataloging agency VIVEKANANDA LIBRARY
082 ## - DDC NUMBER
Classification number 363.2503
Book Number S58E
100 ## - MAIN ENTRY--PERSONAL NAME
Personal name Sanjana, Singh
245 ## - TITLE STATEMENT
Title Encyclopedia of forensic science, 4V
260 ## - PUBLICATION, DISTRIBUTION, ETC. (IMPRINT)
Name of publisher, distributor, etc Yking Books
Date of publication, distribution, etc 2023
Place of publication, distribution, etc Jaipur
300 ## - PHYSICAL DESCRIPTION
Pages 308
650 ## - Subject
Subject Forensic Science
650 ## - Subject
Subject Criminal Investigation
942 ## - ADDED ENTRY ELEMENTS (KOHA)
Koha item type Books
Holdings
Withdrawn status Lost status Source of classification or shelving scheme Damaged status Not for loan Location (home branch) Sublocation or collection (holding branch) Shelving location Date acquired Koha issues (times borrowed) Koha full call number Accession No. Koha date last seen Copy number Koha item type
    Dewey Decimal Classification     VIVEKANANDA LIBRARY VIVEKANANDA LIBRARY Vivekananda Library 06/01/2026 1 363.2503 S58E 444101 07/04/2026 V1; R Books
    Dewey Decimal Classification     VIVEKANANDA LIBRARY VIVEKANANDA LIBRARY Vivekananda Library 27/01/2026   363.2503 S58E 444102 27/01/2026 V2; R Books
    Dewey Decimal Classification     VIVEKANANDA LIBRARY VIVEKANANDA LIBRARY Vivekananda Library 27/01/2026   363.2503 S58E 444103 27/01/2026 V2; R Books
    Dewey Decimal Classification     VIVEKANANDA LIBRARY VIVEKANANDA LIBRARY Vivekananda Library 27/01/2026   363.2503 S58E 444104 27/01/2026 V4; R Books
© Designed and Maintained by Vivekananda Library, MDU Rohtak